[Event "Titled Tue 10th Jun Early"]
[Site "chess.com INT"]
[Date "2025.06.10"]
[Round "5"]
[White "Kovalenko, Igor"]
[Black "Borgaonkar, Akshay"]
[Result "0-1"]
[WhiteTitle "GM"]
[BlackTitle "FM"]
[WhiteElo "2676"]
[BlackElo "2453"]
[WhiteFideId "14117908"]
[BlackFideId "25639110"]
[EventDate "2025.06.10"]

1. e4 c5 2. Nf3 e6 3. c3 Nf6 4. e5 Nd5 5. d4 cxd4 6. cxd4 d6 7. Bc4 Be7 8. O-O
O-O 9. Qe2 b6 10. Nc3 Nxc3 11. bxc3 Bb7 12. Bf4 dxe5 13. Nxe5 Nd7 14. Bb3 Nxe5
15. Bxe5 Bd6 16. f4 Rc8 17. Rac1 Bd5 18. c4 Ba8 19. Rcd1 Qe7 20. Qg4 f5 21. Qe2
Be4 22. h3 Rfd8 23. Kh2 Kh8 24. Qe3 Bxe5 25. fxe5 Rc7 26. Rd2 Rcd7 27. Rfd1 Qe8
28. Qg3 Qf8 29. d5 Qc5 30. d6 Bc6 31. Qf4 Rg8 32. h4 g5 33. hxg5 Rdg7 34. d7
Bxd7 35. Rxd7 Rxg5 36. R1d2 Rh5+ 0-1

[Event "Titled Tue 10th Jun Early"]
[Site "chess.com INT"]
[Date "2025.06.10"]
[Round "5"]
[White "Andrade, Ivan"]
[Black "Vagman, Roy"]
[Result "1-0"]
[WhiteTitle "FM"]
[BlackTitle "FM"]
[WhiteElo "2144"]
[BlackElo "2403"]
[WhiteFideId "14800039"]
[BlackFideId "2828995"]
[EventDate "2025.06.10"]

1. e4 g6 2. d4 Bg7 3. c4 c6 4. Nc3 d6 5. Be3 Nf6 6. f3 Nbd7 7. Qd2 e5 8. d5 cxd5
9. cxd5 O-O 10. O-O-O Nh5 11. Kb1 a6 12. Nge2 b5 13. g4 Nf4 14. Nxf4 exf4 15.
Bd4 Bxd4 16. Qxd4 Ne5 17. Be2 Bb7 18. Rc1 Qa5 19. Qd2 Rac8 20. Qxf4 b4 21. Nd1
Rxc1+ 22. Qxc1 Rc8 23. Qd2 Qc5 24. Ne3 Qb6 25. h4 a5 26. h5 a4 27. hxg6 fxg6 28.
f4 Nd7 29. Nc4 Qc5 30. f5 Nf8 31. f6 Rc7 32. g5 Ba6 33. Rc1 b3 34. a3 Bxc4 35.
Rxc4 Qg1+ 36. Qc1 Qxc1+ 37. Kxc1 Rxc4+ 38. Bxc4 h6 39. gxh6 Kf7 40. Bb5 Kxf6 41.
Bxa4 Ke5 42. Bxb3 g5 43. Bd1 Kxe4 44. a4 Kxd5 45. a5 Kc6 46. b4 Kb5 47. Be2+ Kc6
48. Kd2 Nh7 49. Bd3 Nf6 50. h7 Nxh7 51. Bxh7 g4 52. Bd3 g3 53. Ke3 g2 54. Kf2 1-0

[Event "Titled Tue 10th Jun Early"]
[Site "chess.com INT"]
[Date "2025.06.10"]
[Round "5"]
[White "Mikhailova, Irina"]
[Black "Bozorov, Javohir"]
[Result "0-1"]
[WhiteTitle "WGM"]
[BlackTitle "FM"]
[WhiteElo "2143"]
[BlackElo "2039"]
[WhiteFideId "4109040"]
[BlackFideId "14216957"]
[EventDate "2025.06.10"]

1. d4 Nf6 2. Nf3 e6 3. c4 d5 4. Nc3 Bb4 5. Bg5 h6 6. Bxf6 Qxf6 7. cxd5 exd5 8.
Rc1 O-O 9. a3 Bxc3+ 10. Rxc3 c6 11. e3 Bf5 12. Bd3 Bxd3 13. Qxd3 a5 14. O-O Nd7
15. b4 Nb6 16. Ne5 Qd6 17. b5 f6 18. Ng6 Rfb8 19. bxc6 bxc6 20. Rxc6 Qd7 21. Qf5
Qxf5 22. Ne7+ Kf8 23. Nxf5 Nc4 24. Rc7 Nxa3 25. Nxg7 a4 26. Nh5 Ra6 27. Rfc1 Nc4
28. e4 a3 29. g4 a2 30. exd5 Rb1 31. Rxc4 a1=Q 32. Rc8+ Ke7 33. Rc7+ Kd6 0-1

[Event "Titled Tue 10th Jun Early"]
[Site "chess.com INT"]
[Date "2025.06.10"]
[Round "5"]
[White "Murawski, Jan"]
[Black "Toropov, Pavel"]
[Result "0-1"]
[WhiteTitle "CM"]
[BlackTitle "FM"]
[WhiteElo "2164"]
[BlackElo "2308"]
[WhiteFideId "21009287"]
[BlackFideId "24129178"]
[EventDate "2025.06.10"]

1. c4 c6 2. Nc3 d5 3. d4 Nf6 4. cxd5 cxd5 5. Nf3 Nc6 6. Bf4 a6 7. e3 e6 8. Bd3
b5 9. Qc2 Bb7 10. a3 Rc8 11. Qe2 Bd6 12. Bg3 O-O 13. O-O Bxg3 14. hxg3 Qd6 15.
g4 h6 16. g5 hxg5 17. Nxg5 e5 18. Bf5 Rce8 19. Qf3 exd4 20. Qh3 g6 21. Qh6 Ne7
22. Nxf7 Rxf7 23. Bxg6 Nxg6 24. Qxg6+ Rg7 25. Qd3 dxc3 26. bxc3 d4 0-1

[Event "Titled Tue 10th Jun Early"]
[Site "chess.com INT"]
[Date "2025.06.10"]
[Round "5"]
[White "Venkatesh, Narayan"]
[Black "Brenke, Andreas"]
[Result "1-0"]
[WhiteTitle "FM"]
[BlackTitle "FM"]
[WhiteElo "2168"]
[BlackElo "2349"]
[WhiteFideId "30987881"]
[BlackFideId "4602900"]
[EventDate "2025.06.10"]

1. Nf3 d5 2. e3 c6 3. b3 Bf5 4. Bb2 h6 5. c4 e6 6. Be2 Nf6 7. O-O Bd6 8. Ne5 O-O
9. f4 Bh7 10. d3 Nbd7 11. Nd2 Qb6 12. Bd4 c5 13. Bb2 Rad8 14. Ndf3 Qc7 15. Qc2
dxc4 16. bxc4 Bxe5 17. Nxe5 Nxe5 18. Bxe5 Qe7 19. Rad1 Nd7 20. Bb2 e5 21. Qc3 f6
22. Bf3 exf4 23. exf4 b6 24. Rfe1 Qd6 25. d4 Qxf4 26. g3 Qc7 27. Re7 Qd6 28. Qe3
cxd4 29. Rxd4 Qc5 30. Ba3 Qc7 31. Rdxd7 Rxd7 32. Qe6+ Kh8 33. Rxd7 Qc8 34. Bxf8 1-0

[Event "Titled Tue 10th Jun Early"]
[Site "chess.com INT"]
[Date "2025.06.10"]
[Round "5"]
[White "Myagmarsuren, Evsuld"]
[Black "Kis, Lorand Bela"]
[Result "1-0"]
[WhiteTitle "FM"]
[WhiteElo "2292"]
[BlackElo "1955"]
[WhiteFideId "1551639"]
[BlackFideId "2024098"]
[EventDate "2025.06.10"]

1. d4 Nf6 2. Nf3 g6 3. g3 Bg7 4. Bg2 d6 5. O-O Bd7 6. c4 Qc8 7. Re1 Bh3 8. Bh1
h5 9. e4 h4 10. e5 Ng8 11. Nxh4 Nc6 12. e6 Nxd4 13. exf7+ Kxf7 14. Nf3 c5 15.
Nc3 Nf6 16. Nxd4 cxd4 17. Qxd4 Rh5 18. Bf4 Qf5 19. Nd5 Ng4 20. Rxe7+ 1-0

[Event "Titled Tue 10th Jun Early"]
[Site "chess.com INT"]
[Date "2025.06.10"]
[Round "5"]
[White "Dubnevych, Maksym"]
[Black "Ghafourian, Amir Ali"]
[Result "1-0"]
[WhiteTitle "FM"]
[BlackTitle "CM"]
[WhiteElo "2296"]
[BlackElo "2111"]
[WhiteFideId "14184001"]
[BlackFideId "12533831"]
[EventDate "2025.06.10"]

1. Nc3 d5 2. e4 d4 3. Nce2 c5 4. Ng3 Nc6 5. Bc4 Nf6 6. Nf3 h5 7. h4 Bg4 8. c3 e6
9. Qb3 Qb6 10. Ng5 Ne5 11. Qxb6 axb6 12. Bb5+ Nfd7 13. f3 f6 14. fxg4 fxg5 15.
gxh5 g4 16. d3 Bd6 17. Ne2 Ra5 18. Bxd7+ Kxd7 19. Nf4 dxc3 20. bxc3 Rha8 21. a3
c4 22. d4 Nd3+ 23. Nxd3 cxd3 24. Kd2 Rxh5 25. Kxd3 Rah8 26. e5 Be7 27. Rb1 Kc6
28. Be3 Rxh4 29. Rhf1 Rh2 30. Rf7 Re8 31. c4 Bxa3 32. d5+ exd5 33. Rxb6# 1-0

[Event "Titled Tue 10th Jun Early"]
[Site "chess.com INT"]
[Date "2025.06.10"]
[Round "5"]
[White "Puzyrevsky, Semyon"]
[Black "Demchenko, Yaroslav"]
[Result "0-1"]
[WhiteTitle "FM"]
[BlackTitle "CM"]
[WhiteElo "2292"]
[BlackElo "2263"]
[WhiteFideId "24240931"]
[BlackFideId "14186667"]
[EventDate "2025.06.10"]

1. e4 e6 2. d4 d5 3. Nc3 dxe4 4. Nxe4 Nd7 5. Nf3 Ngf6 6. Ng3 b6 7. Bd3 Bb7 8. c3
Bd6 9. O-O O-O 10. Re1 h6 11. h3 c5 12. Be3 Qc7 13. Nf1 cxd4 14. Nxd4 a6 15. Qd2
Nc5 16. Bc2 Rad8 17. Rad1 e5 18. Nf5 Qc6 19. f3 e4 20. Nxd6 exf3 21. Ng3 Rxd6
22. Qf2 Rxd1 23. Rxd1 fxg2 24. Nf5 Qf3 25. Qh4 Be4 26. Ne7+ Kh8 27. Bxh6 Bxc2
28. Rc1 gxh6 29. Qxh6+ Nh7 30. Kh2 Ne4 31. Qh4 Bd1 32. Qe1 Qf4+ 33. Kg1 Qxc1 34.
Qxe4 Bf3+ 0-1

[Event "Titled Tue 10th Jun Early"]
[Site "chess.com INT"]
[Date "2025.06.10"]
[Round "5"]
[White "De Sousa, Antonio Micaias Silva"]
[Black "Kornienko, Konstantin"]
[Result "0-1"]
[BlackTitle "CM"]
[WhiteElo "2007"]
[BlackElo "2141"]
[WhiteFideId "22798528"]
[BlackFideId "34400419"]
[EventDate "2025.06.10"]

1. e4 h5 2. d4 a5 3. c4 Ra6 4. Nc3 d6 5. Nf3 g6 6. Be2 Bg7 7. O-O Nf6 8. h3 O-O
9. Be3 Nbd7 10. d5 e5 11. c5 Ra8 12. cxd6 cxd6 13. Nd2 Nc5 14. Qc2 b6 15. a3 a4
16. b4 axb3 17. Nxb3 h4 18. a4 Bd7 19. Bb5 Bxb5 20. axb5 Rxa1 21. Rxa1 Nh5 22.
Nxc5 dxc5 23. Rd1 Qd6 24. Qe2 Nf4 25. Qd2 Ra8 26. Ne2 g5 27. Kh2 Ra3 28. g3
hxg3+ 29. fxg3 Qd7 30. Ng1 Rd3 31. Qe1 Qxb5 32. gxf4 exf4 33. Rxd3 Qxd3 34. Bf2
Be5 35. Kh1 c4 36. Qe2 Qb1 37. Kg2 c3 38. Nf3 c2 39. Nxe5 c1=Q 40. Qg4 Qh1# 0-1

[Event "Titled Tue 10th Jun Early"]
[Site "chess.com INT"]
[Date "2025.06.10"]
[Round "5"]
[White "Uraev, Ivan"]
[Black "Allahverdiyeva, Ayan"]
[Result "1-0"]
[WhiteTitle "FM"]
[BlackTitle "WIM"]
[WhiteElo "2194"]
[BlackElo "2308"]
[WhiteFideId "4192443"]
[BlackFideId "13412590"]
[EventDate "2025.06.10"]

1. e4 c5 2. Nc3 d6 3. g3 g6 4. Bg2 Bg7 5. d3 Nc6 6. h3 Rb8 7. Be3 b5 8. Qd2 b4
9. Nd1 a5 10. Ne2 a4 11. a3 bxa3 12. Rxa3 Bd7 13. O-O Nd4 14. c3 Nb3 15. Qc2 Qc7
16. f4 Qc8 17. Kh2 h5 18. Nc1 Nxc1 19. Bxc1 Nf6 20. Ne3 h4 21. g4 Qc7 22. Qf2 e6
23. g5 Nh5 24. Ng4 Ke7 25. Kg1 Ng3 26. Re1 c4 27. d4 e5 28. Ne3 exf4 29. Nd5+
Kd8 30. Nxc7 Kxc7 31. Bxf4 Be6 32. d5 Bd7 33. e5 dxe5 34. Rxe5 Bxe5 35. Bxe5+
Kb7 36. d6+ 1-0

[Event "Titled Tue 10th Jun Early"]
[Site "chess.com INT"]
[Date "2025.06.10"]
[Round "5"]
[White "Ruperez Benito, Antonio"]
[Black "Salimova, Asal"]
[Result "1-0"]
[WhiteTitle "FM"]
[BlackTitle "WCM"]
[WhiteElo "2328"]
[BlackElo "2063"]
[WhiteFideId "22245049"]
[BlackFideId "14204940"]
[EventDate "2025.06.10"]

1. e4 c5 2. Nf3 d6 3. Bb5+ Nc6 4. O-O Bd7 5. c3 a6 6. Bxc6 Bxc6 7. Re1 e5 8. d4
Qc7 9. dxe5 dxe5 10. c4 Rd8 11. Qc2 Nf6 12. Bg5 Be7 13. Bxf6 Bxf6 14. Nc3 O-O
15. Nd5 Bxd5 16. cxd5 Qd6 17. a4 g6 18. a5 Bg7 19. Nd2 f5 20. Nc4 Qe7 21. Rad1
fxe4 22. Qxe4 Rf5 23. d6 Qe6 24. b3 Rd7 25. Re3 Bh6 26. Red3 Bg7 27. g3 h5 28.
Rd5 g5 29. Rxc5 g4 30. Rc8+ Kf7 31. Rc7 Rf3 32. Qxb7 Ke8 33. Qc8+ Rd8 34. Qxe6+
Kf8 35. Qe7+ Kg8 36. Qxg7# 1-0

[Event "Titled Tue 10th Jun Early"]
[Site "chess.com INT"]
[Date "2025.06.10"]
[Round "5"]
[White "Oro, Faustino"]
[Black "Manzone, Alessandro"]
[Result "1-0"]
[WhiteTitle "IM"]
[BlackTitle "FM"]
[WhiteElo "2465"]
[BlackElo "2397"]
[WhiteFideId "20000197"]
[BlackFideId "112488"]
[EventDate "2025.06.10"]

1. d4 Nf6 2. c4 e6 3. Nc3 Bb4 4. e3 O-O 5. Bd2 d5 6. Nf3 b6 7. cxd5 exd5 8. Bd3
Bb7 9. O-O a6 10. Ne5 Bd6 11. f4 c5 12. Be1 Ne4 13. Qf3 f5 14. Rd1 cxd4 15. exd4
Nc6 16. Qh3 Nxd4 17. Bb1 Bc5 18. Kh1 Qc8 19. b4 Nxc3 20. Bxc3 Nb5 21. bxc5 Nxc3
22. Qxc3 bxc5 23. Bc2 Rd8 24. Rb1 d4 25. Bb3+ Kh8 26. Ng6+ 1-0

[Event "Titled Tue 10th Jun Early"]
[Site "chess.com INT"]
[Date "2025.06.10"]
[Round "5"]
[White "Van Baar, Esper"]
[Black "Zahn, Wolfgang"]
[Result "0-1"]
[WhiteTitle "FM"]
[BlackTitle "FM"]
[WhiteElo "2232"]
[BlackElo "2280"]
[WhiteFideId "1049321"]
[BlackFideId "4620984"]
[EventDate "2025.06.10"]

1. c4 c5 2. g3 g6 3. Bg2 Bg7 4. Nc3 e5 5. d3 Ne7 6. Nf3 Nbc6 7. O-O O-O 8. Rb1
d6 9. a3 Be6 10. b4 b6 11. Nd2 Rc8 12. Nd5 f5 13. b5 Nb8 14. Nxe7+ Qxe7 15. e3
Rcd8 16. Qb3 Qf7 17. Bb2 d5 18. cxd5 Bxd5 19. Bxd5 Qxd5 20. Qc4 Rf7 21. Rfd1
Qxd3 22. Qa4 Qe2 23. Nc4 Rfd7 24. Rxd7 Rxd7 25. Nxe5 Rd2 26. Qb3+ c4 27. Qxc4+
Qxc4 28. Nxc4 Rc2 29. Bxg7 Kxg7 30. Ne5 Kf6 31. f4 Rd2 32. Rc1 Nd7 33. Rc7 Nxe5
34. fxe5+ Kxe5 35. Rxa7 Ke4 36. Rxh7 Kf3 37. Kh1 Rd1# 0-1

[Event "Titled Tue 10th Jun Early"]
[Site "chess.com INT"]
[Date "2025.06.10"]
[Round "5"]
[White "Suvradeepta, Das"]
[Black "Petersson, Kjell"]
[Result "1-0"]
[WhiteTitle "FM"]
[BlackTitle "CM"]
[WhiteElo "2230"]
[BlackElo "2068"]
[WhiteFideId "5058031"]
[BlackFideId "1705148"]
[EventDate "2025.06.10"]

1. d4 f5 2. c4 Nf6 3. Qc2 e6 4. Bg5 h6 5. Bxf6 Qxf6 6. e3 b6 7. Nf3 Bb7 8. Bd3
Bb4+ 9. Nc3 O-O 10. O-O-O d5 11. Rhg1 Bxc3 12. Qxc3 c5 13. Kb1 cxd4 14. Qxd4 Nd7
15. Qxf6 Nxf6 16. Nd4 Rfe8 17. Nb5 Red8 18. Nc7 Rac8 19. Nxe6 Rd6 20. cxd5 g6
21. Nf4 Kg7 22. h3 Rcd8 23. Ne6+ Rxe6 24. dxe6 Re8 25. Bc4 Be4+ 26. Ka1 g5 27.
f3 Bb7 28. a3 Bc8 29. Rd6 Kf8 30. Rgd1 Ke7 31. Rc6 h5 32. Rc7+ Kf8 33. e7+ Kg7
34. Rd8 Bd7 35. Rcxd7 Nxd7 36. Rxe8 1-0

[Event "Titled Tue 10th Jun Early"]
[Site "chess.com INT"]
[Date "2025.06.10"]
[Round "5"]
[White "Figuero Toro, Julian Francisco"]
[Black "Le, Minh Tu"]
[Result "0-1"]
[WhiteTitle "FM"]
[BlackTitle "FM"]
[WhiteElo "2182"]
[BlackElo "1932"]
[WhiteFideId "2210347"]
[BlackFideId "12404888"]
[EventDate "2025.06.10"]

1. Nf3 d5 2. g3 Bf5 3. Bg2 e6 4. O-O Nf6 5. c4 c6 6. Qb3 Qb6 7. d3 Nbd7 8. cxd5
exd5 9. Nc3 Qxb3 10. axb3 Be7 11. e4 dxe4 12. dxe4 Be6 13. Nd4 Nc5 14. Nxe6 Nxe6
15. e5 Nd7 16. f4 Nd4 17. Be3 Nxb3 18. Rxa7 Rxa7 19. Bxa7 O-O 20. Be3 Bc5 21.
Kf2 Ra8 22. Rd1 Bxe3+ 23. Kxe3 Ndc5 24. h4 g6 25. Bf3 Ne6 26. g4 Kf8 27. f5 gxf5
28. gxf5 Ng7 29. Kf4 Nc5 30. Kg5 Ne8 31. Ne4 Nxe4+ 32. Bxe4 Ra4 33. Bf3 Kg7 34.
Rd7 h6+ 35. Kh5 Rf4 36. Bg4 Re4 37. e6 Nf6# 0-1

[Event "Titled Tue 10th Jun Early"]
[Site "chess.com INT"]
[Date "2025.06.10"]
[Round "5"]
[White "Diachek, Andrii"]
[Black "Liu, Xiangyi"]
[Result "0-1"]
[WhiteTitle "CM"]
[BlackTitle "IM"]
[WhiteElo "2177"]
[BlackElo "2370"]
[WhiteFideId "34106499"]
[BlackFideId "8605718"]
[EventDate "2025.06.10"]

1. c4 Nf6 2. Nc3 e6 3. Nf3 d5 4. e3 Bd6 5. b3 O-O 6. Bb2 c6 7. Be2 Re8 8. O-O
Nbd7 9. Qc2 Nf8 10. d4 Ng6 11. Rfd1 Qe7 12. e4 dxe4 13. Nxe4 Nxe4 14. Qxe4 c5
15. h4 f5 16. Qe3 Nxh4 17. dxc5 Bxc5 18. Qe5 Ng6 19. Qc3 b6 20. Ne5 Bb7 21. Rd7
Qh4 22. Nxg6 Qxf2+ 0-1

[Event "Titled Tue 10th Jun Early"]
[Site "chess.com INT"]
[Date "2025.06.10"]
[Round "5"]
[White "Perry, Patrick"]
[Black "Thorhallsson, Simon"]
[Result "1-0"]
[BlackTitle "FM"]
[WhiteElo "2296"]
[BlackElo "2202"]
[WhiteFideId "30917727"]
[BlackFideId "2310090"]
[EventDate "2025.06.10"]

1. e4 c5 2. d4 cxd4 3. Nf3 g6 4. Nxd4 Bg7 5. Nc3 Nc6 6. Be3 Nf6 7. Be2 d5 8.
exd5 Nxd5 9. Nxd5 Qxd5 10. Nxc6 bxc6 11. Bf3 Qc4 12. c3 Ba6 13. Qb3 O-O 14. Qxc4
Bxc4 15. Bxc6 Rab8 16. Bc1 Rb6 17. Bf3 Re6+ 18. Be3 Bh6 19. O-O-O Bxe3+ 20. fxe3
Rxe3 21. b3 Be6 22. Kb2 Rc8 23. c4 a5 24. Rhe1 Rxe1 25. Rxe1 a4 26. Kc3 Kg7 27.
Re4 axb3 28. axb3 Rb8 29. b4 Kf8 30. b5 Ke8 31. Rd4 f5 32. Kb4 Kf7 33. c5 Kf6
34. c6 Bc8 35. Kc5 e5 36. Rd6+ Ke7 37. Be2 e4 38. Bc4 f4 39. Rd4 Bf5 40. c7 Ra8
41. b6 Ra5+ 42. Kb4 Ra8 43. b7 1-0

[Event "Titled Tue 10th Jun Early"]
[Site "chess.com INT"]
[Date "2025.06.10"]
[Round "5"]
[White "Gavarrete, Nahun"]
[Black "Goh, Zi Han"]
[Result "0-1"]
[WhiteTitle "FM"]
[BlackTitle "FM"]
[WhiteElo "2281"]
[BlackElo "2275"]
[WhiteFideId "8400709"]
[BlackFideId "5819156"]
[EventDate "2025.06.10"]

1. e4 c5 2. Nc3 d6 3. g3 g6 4. Bg2 Bg7 5. Nge2 Nc6 6. d3 e6 7. O-O Nge7 8. Be3
O-O 9. Qd2 Nd4 10. Rad1 Rb8 11. Nb1 b5 12. c3 Ndc6 13. d4 cxd4 14. cxd4 d5 15.
exd5 Nxd5 16. Nbc3 Nxe3 17. fxe3 Nb4 18. a3 Nd5 19. Nxd5 exd5 20. b4 Re8 21. Nc3
Be6 22. Rfe1 Qd7 23. Qd3 h5 24. e4 dxe4 25. Bxe4 Bc4 26. Qf3 h4 27. Bc6 Rxe1+
28. Rxe1 Qxd4+ 29. Kh1 Qxc3 30. Qxc3 Bxc3 31. Re7 hxg3 32. hxg3 Rd8 33. Rxa7 Rd3
34. Kh2 Rd2+ 35. Kh3 Be6+ 36. Kh4 Bf6# 0-1

[Event "Titled Tue 10th Jun Early"]
[Site "chess.com INT"]
[Date "2025.06.10"]
[Round "5"]
[White "Povshednyi, Ivan"]
[Black "Jovic, Stanoje"]
[Result "1-0"]
[WhiteTitle "FM"]
[BlackTitle "FM"]
[WhiteElo "2309"]
[BlackElo "2096"]
[WhiteFideId "14190907"]
[BlackFideId "905020"]
[EventDate "2025.06.10"]

1. d4 Nf6 2. c4 e6 3. Nc3 Bb4 4. e3 O-O 5. Ne2 d5 6. cxd5 exd5 7. g3 c5 8. Bg2
Nc6 9. O-O c4 10. f3 Bf5 11. a3 Ba5 12. e4 dxe4 13. fxe4 Bg4 14. Bg5 Bxe2 15.
Nxe2 Bb6 16. Bxf6 gxf6 17. Kh1 Nxd4 18. Nf4 Ne6 19. Nd5 Bd4 20. Qg4+ Kh8 21.
Rad1 Bxb2 22. Nxf6 Qxf6 23. Rxf6 Bxf6 24. e5 Bxe5 25. Qxc4 Rad8 26. Rd5 Bg7 27.
h4 b6 28. Rxd8 Rxd8 29. Bd5 h6 30. Bxe6 fxe6 31. Qxe6 b5 32. Qa6 Rd3 33. Qc8+ 1-0

[Event "Titled Tue 10th Jun Early"]
[Site "chess.com INT"]
[Date "2025.06.10"]
[Round "5"]
[White "Gulevich, Artem"]
[Black "Onur, Cigdem"]
[Result "1-0"]
[WhiteTitle "FM"]
[BlackTitle "WCM"]
[WhiteElo "2304"]
[BlackElo "1956"]
[WhiteFideId "24119580"]
[BlackFideId "6346030"]
[EventDate "2025.06.10"]

1. Nf3 d5 2. b3 Nf6 3. Bb2 c5 4. e3 Nc6 5. Be2 Bg4 6. O-O e6 7. d4 Bd6 8. Nbd2
cxd4 9. Nxd4 Bxe2 10. Qxe2 Nxd4 11. Bxd4 e5 12. Bb2 O-O 13. c4 Bb4 14. Rfd1 d4
15. exd4 exd4 16. Nf3 Re8 17. Qd3 Qa5 18. Bxd4 Rad8 19. Qc2 Ne4 20. a3 Bd6 21.
b4 Qh5 22. c5 Bb8 23. Be3 Rc8 24. Rd4 Be5 25. Nxe5 Qxe5 26. Rad1 Nf6 27. h3 h6
28. Rd6 b6 29. Bd4 Qf4 30. Bxf6 gxf6 31. c6 Re6 32. Rxe6 fxe6 33. Rd7 Qg5 34.
Qh7+ Kf8 35. Qf7# 1-0

[Event "Titled Tue 10th Jun Early"]
[Site "chess.com INT"]
[Date "2025.06.10"]
[Round "5"]
[White "Koridze, Lile"]
[Black "Thipsay, Bagyashree Sathe"]
[Result "1-0"]
[WhiteTitle "WFM"]
[BlackTitle "WIM"]
[WhiteElo "2110"]
[BlackElo "2075"]
[WhiteFideId "13612514"]
[BlackFideId "5001013"]
[EventDate "2025.06.10"]

1. d4 d5 2. c4 e6 3. e3 Nf6 4. Nf3 c5 5. cxd5 exd5 6. Nc3 a6 7. dxc5 Bxc5 8. Bd3
O-O 9. O-O Nc6 10. h3 Qe7 11. a3 Rd8 12. b4 Ba7 13. Bb2 Ne4 14. Qc2 Bf5 15. Rfd1
Rac8 16. Qb3 Nxc3 17. Bxc3 Be4 18. Bxe4 dxe4 19. Nd4 Nxd4 20. Bxd4 Bxd4 21. exd4
Rd6 22. Qe3 f5 23. Rac1 Rcd8 24. Qf4 Qf6 25. Rc7 b5 26. Rc5 g6 27. d5 g5 28. Qg3
Kh8 29. f4 Rg8 30. fxg5 Rxg5 31. Qf2 Qe5 32. Rc8+ Kg7 33. Qa7+ Kh6 34. Rc6 Rdg6
35. Qf2 f4 36. Qh4+ Rh5 37. Qg4 Rg5 38. Rxg6+ hxg6 39. Qh4+ 1-0

[Event "Titled Tue 10th Jun Early"]
[Site "chess.com INT"]
[Date "2025.06.10"]
[Round "5"]
[White "Wu, Derek"]
[Black "Mkrtchyan, Mariam"]
[Result "1-0"]
[WhiteTitle "FM"]
[BlackTitle "WIM"]
[WhiteElo "2232"]
[BlackElo "2307"]
[WhiteFideId "30914558"]
[BlackFideId "13310828"]
[EventDate "2025.06.10"]

1. e4 c6 2. d4 d5 3. e5 Bf5 4. h4 h5 5. Bd3 Bxd3 6. Qxd3 Qa5+ 7. Nd2 e6 8. Nf3
Ne7 9. O-O Nf5 10. Nb3 Qa6 11. Qd1 Be7 12. g3 Nd7 13. Bg5 f6 14. Bf4 c5 15. dxc5
Nxc5 16. Nbd4 Nxd4 17. Nxd4 O-O-O 18. a4 g5 19. exf6 Bxf6 20. hxg5 e5 21. gxf6
Qxf6 22. Be3 h4 23. Qg4+ Kb8 24. Bg5 Qg6 25. Qf5 Qh5 26. g4 Qe8 27. Bxd8 exd4
28. Bf6 Rf8 29. Qe5+ 1-0

[Event "Titled Tue 10th Jun Early"]
[Site "chess.com INT"]
[Date "2025.06.10"]
[Round "5"]
[White "Garcia, Jhoel"]
[Black "Masague Artero, Guerau"]
[Result "0-1"]
[WhiteTitle "IM"]
[BlackTitle "FM"]
[WhiteElo "2293"]
[BlackElo "2326"]
[WhiteFideId "3801110"]
[BlackFideId "32098952"]
[EventDate "2025.06.10"]

1. e4 g6 2. d4 Bg7 3. Be2 d5 4. e5 c5 5. c3 Nc6 6. Nf3 cxd4 7. cxd4 Bg4 8. Nc3
Nh6 9. h3 Bxf3 10. Bxf3 Nf5 11. Be3 e6 12. O-O O-O 13. Qd2 Qh4 14. Ne2 Bh6 15.
Bxh6 Qxh6 16. Qxh6 Nxh6 17. Rfd1 Rac8 18. Rac1 Nf5 19. g4 Nh4 20. Bh1 f6 21. f4
fxe5 22. fxe5 g5 23. Rc3 Ng6 24. Rf1 Kg7 25. Rcf3 Rxf3 26. Rxf3 Nb4 27. a3 Rc2
28. Kf2 Nc6 29. Rb3 Rxe2+ 30. Kf1 Rd2 31. Rxb7+ Kh6 32. Rc7 Nxd4 33. Ke1 Rxb2
34. Rxa7 Rb1+ 35. Kd2 Rxh1 36. Kd3 Nc6 0-1

[Event "Titled Tue 10th Jun Early"]
[Site "chess.com INT"]
[Date "2025.06.10"]
[Round "5"]
[White "Rahman, Masruri"]
[Black "Sarveshwaran V"]
[Result "1-0"]
[WhiteTitle "FM"]
[BlackTitle "CM"]
[WhiteElo "2407"]
[BlackElo "2290"]
[WhiteFideId "7101163"]
[BlackFideId "25699016"]
[EventDate "2025.06.10"]

1. d4 Nf6 2. c4 g6 3. g3 Bg7 4. Bg2 O-O 5. Nf3 d6 6. O-O Nbd7 7. Nc3 e5 8. dxe5
dxe5 9. e4 c6 10. Qd6 Re8 11. Bg5 h6 12. Be3 Bf8 13. Qd1 Qc7 14. h3 Nc5 15. Nd2
a5 16. b3 Bd7 17. Qc2 Rad8 18. Rfd1 Bc8 19. Nf1 Ne6 20. Ne2 c5 21. Nc3 Nd4 22.
Qc1 Kh7 23. Rd2 Be6 24. Nd5 Nxd5 25. cxd5 Bc8 26. Rxd4 exd4 27. Bxd4 Qb6 28. Bb2
Bg7 29. Bxg7 Kxg7 30. Ne3 Qf6 31. Rb1 Qd4 32. Rb2 b5 33. Rd2 Qb4 34. Qb2+ f6 35.
a3 Qxd2 36. Qxd2 a4 37. bxa4 bxa4 38. Qa5 Bd7 39. Qxc5 Rc8 40. Qa7 Re7 41. d6
Rf7 42. Qd4 Rc1+ 43. Kh2 Rb1 44. e5 fxe5 45. Qxe5+ Kh7 46. f4 Rb3 47. Bd5 Rxa3
48. Bxf7 Ra2+ 49. Bxa2 Be6 50. Qg7+ 1-0

[Event "Titled Tue 10th Jun Early"]
[Site "chess.com INT"]
[Date "2025.06.10"]
[Round "5"]
[White "Dominguez, Ramiro"]
[Black "Mattenberger, Matthias"]
[Result "0-1"]
[WhiteTitle "FM"]
[BlackTitle "FM"]
[WhiteElo "2210"]
[BlackElo "2286"]
[WhiteFideId "4420055"]
[BlackFideId "1339958"]
[EventDate "2025.06.10"]

1. e4 c5 2. Ne2 d6 3. g3 b5 4. Bg2 Bb7 5. O-O Nd7 6. c3 Ngf6 7. d3 e5 8. h3 g6
9. a4 a6 10. Be3 Bg7 11. Nd2 O-O 12. d4 cxd4 13. cxd4 d5 14. dxe5 Nxe5 15. Bd4
Nxe4 16. Nf4 Qd6 17. axb5 axb5 18. Rxa8 Rxa8 19. Re1 Ra4 20. Nxe4 dxe4 21. Bxe5
Bxe5 22. Qb3 Rb4 23. Qc2 Rxb2 24. Qc1 Bd4 25. Re2 Rxe2 26. Nxe2 Qc5 27. Nxd4
Qxc1+ 0-1